000 00535nam a2200217Ia 4500
003 OSt
005 20221005120936.0
006 a|||||r|||| 00| 0
007 ta
008 221004b |||||||| |||| 00| 0 eng d
024 _a115806
037 _cTextual
040 _aCRL
_cCRL
_beng
041 _2eng
_aeng
100 _aDashiell Jhon fraderick
_9629852
245 0 _aFudamental of general psychology
260 _c1949
650 _aPSYCHOLOGY
942 _cTEXL
_2cc
999 _c1039618
_d1039618